00363pab a2200133 454500008004000000100002300040245005700063260000900120300001300129362001100142650002700153650001500180773003400195180718b2013 xxu||||| |||| 00| 0 eng d aKadirgamar, Ahilan aThe question of militarisation in post-war Sri Lanka c2013 ap.42-46. a16 Feb aMilitarism - Sri Lanka aMilitarism aEconomic and Political Weekly